000 01041nam a2200289Ia 4500
005 20220317000735.0
008 160601s2004 sp a g 000 0 spa
020 _a8448820339
100 1 _aBrian, Janeen
245 1 0 _aA dónde va el jueves?
_ctexto Janeen Brian; ilustraciones Stephen Michael King; traducción de raquel García pascual
250 _a1a. edición
300 _a30 páginas
_bilustraciones
_c26 cm
534 _tWhere does thursday go?
650 1 4 _2LEMB
_aÁlbumes infantiles australianos
650 1 4 _2LEMB
_aLiteratura infantil australiana
650 1 4 _2LEMB
_aAnimales en la literatura
650 1 4 _2LEMB
_aCumpleaños en la literatura
700 1 _aGarcía Pascual, Raquel
_etraductor
_953752
700 1 _aKing, Stephen Michael
_eilustrador
_953753
942 _2loc
_cBKINF
264 _aBarcelona
_bBeascoa
_c2004
336 _atexto
_btxt
_2rdacontent
337 _asin mediación
_bn
_2rdamedia
338 _avolumen
_bnc
_2rdacarrier
040 _aCO-BoRNBP
_bspa
_erda
_cCO-BoRNBP
084 _aA BRI3
999 _c4923
_d4923